000 00712 a2200205 4500
020 _a0521619548
020 _a9780521619547
082 _a516.373
090 _c1313
_d1313
100 1 _aChavel, Isaac.
245 1 0 _aRiemannian geometry :
_ba modern introduction /
_cIsaac Chavel.
250 _a2nd ed.
260 _a[S.l.] :
_bCambridge University Press,
_c2006.
300 _a488 p. ;
_c23 cm.
490 1 _aCambridge studies in advanced mathematics.
700 _aChavel, Isaac.
830 0 _aCambridge studies in advanced mathematics.
942 _aSNS
_cBK
_k516.373 CHA
999 _c29926
_d29926